[Event "C.to Europeo U16 femminile"]
[Site "Fermo ITA"]
[Date "2009.09.02"]
[Round "3"]
[White "Martin Fuentes, Paula"]
[Black "Messina, Roberta"]
[Result "0-1"]
[WhiteElo "1547"]
[BlackElo "1900"]
[PlyCount "68"]
[EventDate "2009.08.31"]

1. e4 c5 2. Nc3 Nc6 3. g3 g6 4. Bg2 Bg7 5. d3 e6 6. f4 d6 7. Nf3 Nge7 8. O-O
O-O 9. h3 Nd4 10. Be3 Nec6 11. a3 Rb8 12. Qd2 b5 13. Kh2 a6 14. Rae1 b4 15.
axb4 cxb4 16. Nd1 Qc7 17. Qf2 Nb5 18. Kh1 a5 19. Re2 a4 20. Bc1 Ncd4 21. Nxd4
Nxd4 22. Rd2 Ba6 23. Re1 Rfc8 24. Ne3 Qc5 25. Nc4 Bxc4 26. dxc4 Qxc4 27. b3
axb3 28. cxb3 Nxb3 29. Rdd1 Nxc1 30. Rxc1 Qxc1 31. Rxc1 Rxc1+ 32. Kh2 b3 33. e5
dxe5 34. Qb2 Rc2 0-1

[Event "C.to Europeo U16 femminile"]
[Site "Fermo ITA"]
[Date "2009.09.02"]
[Round "3"]
[White "Meseljyan, Astghik"]
[Black "Warmelink, Evie"]
[Result "0-1"]
[WhiteElo "1774"]
[BlackElo "1921"]
[PlyCount "60"]
[EventDate "2009.08.31"]

1. e4 c5 2. Nf3 d6 3. d4 cxd4 4. Nxd4 Nf6 5. Nc3 e6 6. Be2 Be7 7. O-O O-O 8.
Be3 Nc6 9. f4 Bd7 10. Nb3 a6 11. a4 b6 12. Kh1 Qc7 13. Bf3 Rac8 14. g4 Rfd8 15.
g5 Ne8 16. Bg2 Nb4 17. Rf2 Bc6 18. Qd4 d5 19. Qxb6 dxe4 20. Nxe4 Bxe4 21. Bxe4
Qc4 22. Bb7 Rd6 23. Qa5 Rb8 24. Bc5 Rxb7 25. Bxd6 Bxd6 26. Qd8 Qc6+ 27. Kg1 Rb8
28. Qa5 Bc7 29. Qc5 Qxc5 30. Nxc5 Bb6 0-1

[Event "C.to Europeo U16 femminile"]
[Site "Fermo ITA"]
[Date "2009.09.02"]
[Round "3"]
[White "Petrova, Irina"]
[Black "Haast, Anne"]
[Result "0-1"]
[WhiteElo "1987"]
[BlackElo "2158"]
[PlyCount "76"]
[EventDate "2009.08.31"]

1. d4 Nf6 2. c4 g6 3. Nc3 Bg7 4. e4 d6 5. f3 O-O 6. Bg5 c5 7. d5 e6 8. Qd2 Qa5
9. Nb5 Qb6 10. Nc3 exd5 11. cxd5 Bd7 12. Nge2 Qa5 13. Ng3 Rc8 14. Be2 c4 15.
O-O b5 16. a3 Na6 17. f4 h6 18. Bh4 Qb6+ 19. Kh1 Nh7 20. Bd1 Nc5 21. Nge2 a5
22. Bc2 b4 23. axb4 axb4 24. Rxa8 Rxa8 25. Nd1 Ra1 26. Ne3 Rxf1+ 27. Nxf1 Bxb2
28. e5 dxe5 29. f5 g5 30. Bf2 Nf6 31. h4 c3 32. Qe1 b3 33. Bxb3 Qxb3 34. Bxc5
Qxd5 35. hxg5 hxg5 36. Be3 Ne4 37. Nfg3 Bc6 38. Bxg5 Nxg5 0-1

[Event "C.to Europeo U16 femminile"]
[Site "Fermo ITA"]
[Date "2009.09.02"]
[Round "3"]
[White "Soylemez, Cansu"]
[Black "Zakoscielna, Kinga"]
[Result "1/2-1/2"]
[WhiteElo "1879"]
[BlackElo "2089"]
[PlyCount "124"]
[EventDate "2009.08.31"]

1. d4 d5 2. c4 c6 3. Nf3 Nf6 4. e3 e6 5. Nbd2 Nbd7 6. Bd3 Bd6 7. e4 dxe4 8.
Nxe4 Nxe4 9. Bxe4 Nf6 10. Bc2 O-O 11. O-O h6 12. b3 Re8 13. Bb2 b6 14. Ne5 Qc7
15. f4 Bb7 16. Qe2 Rad8 17. Rad1 c5 18. Bb1 cxd4 19. Bxd4 Bc5 20. Bxc5 Qxc5+
21. Kh1 Rd4 22. Rxd4 Qxd4 23. Qd3 Qb2 24. Qc2 Qd4 25. Qd3 Rd8 26. Rd1 Qxd3 27.
Rxd3 Rxd3 28. Nxd3 Ne4 29. Bc2 g5 30. fxg5 hxg5 31. Kg1 Kf8 32. a3 Ke7 33. Kf1
f5 34. g3 Kd6 35. Ke2 e5 36. b4 g4 37. Ke3 Ke6 38. Ne1 Ng5 39. Bb1 Kf6 40. Bc2
Ne6 41. Nd3 Nd4 42. Bd1 Ke6 43. Ne1 Ba6 44. Kd3 b5 45. c5 Bb7 46. Ke3 a6 47.
Nc2 Nc6 48. Ne1 Kf6 49. Bb3 Nd4 50. Bd1 Ke6 51. Nc2 Nc6 52. Ne1 Ne7 53. Nd3 Bc6
54. Ne1 Ng6 55. Bb3+ Kf6 56. Nd3 Kg5 57. Bf7 e4 58. Bxg6 exd3 59. Bf7 Kf6 60.
Ba2 Be4 61. Kd2 Ke5 62. Bb1 Kd4 1/2-1/2

[Event "C.to Europeo U16 femminile"]
[Site "Fermo ITA"]
[Date "2009.09.02"]
[Round "3"]
[White "Turkova, Karolina"]
[Black "Collado Barbas, Laura"]
[Result "0-1"]
[WhiteElo "1787"]
[BlackElo "2055"]
[PlyCount "58"]
[EventDate "2009.08.31"]

1. e4 e6 2. d4 d5 3. Nc3 Nc6 4. Nf3 Nf6 5. e5 Ne4 6. Ne2 f6 7. Ng3 fxe5 8. Bb5
Nxg3 9. hxg3 Bd6 10. Nxe5 Bxe5 11. Qh5+ g6 12. Qxe5 O-O 13. Bxc6 bxc6 14. Bh6
Rf7 15. O-O-O Qd6 16. Qe3 Qb4 17. Rd3 a5 18. Qe5 Qd6 19. Qe3 a4 20. Bf4 Qb4 21.
Qd2 Qc4 22. Kb1 Rb8 23. Ka1 Qb5 24. Qc1 c5 25. dxc5 Qxc5 26. Be3 Qb5 27. Bd4 c5
28. Be5 Rbb7 29. c3 Qxd3 0-1

[Event "C.to Europeo U16 femminile"]
[Site "Fermo ITA"]
[Date "2009.09.03"]
[Round "4"]
[White "Bukhteeva, Viktoria"]
[Black "Froewis, Annika"]
[Result "1-0"]
[WhiteElo "2175"]
[BlackElo "1933"]
[PlyCount "35"]
[EventDate "2009.08.31"]

1. e4 e5 2. Nf3 Nc6 3. Bc4 Bc5 4. c3 Nf6 5. d4 exd4 6. e5 d5 7. Bb5 Ne4 8. cxd4
Bb4+ 9. Bd2 Nxd2 10. Bxc6+ bxc6 11. Nbxd2 c5 12. Rc1 Qe7 13. dxc5 Bxc5 14. Qc2
Bxf2+ 15. Kxf2 O-O 16. Qxc7 Qb4 17. Qc3 Qb6+ 18. Qd4 1-0

[Event "C.to Europeo U16 femminile"]
[Site "Fermo ITA"]
[Date "2009.09.03"]
[Round "4"]
[White "Cavalli, Benedetta"]
[Black "Martin Fuentes, Paula"]
[Result "1-0"]
[WhiteElo "1521"]
[BlackElo "1547"]
[PlyCount "33"]
[EventDate "2009.08.31"]

1. e4 e6 2. d4 d5 3. Nc3 Bb4 4. e5 c5 5. a3 Bxc3+ 6. bxc3 Qc7 7. f4 Bd7 8. Nf3
Ne7 9. Bd2 Nbc6 10. Bd3 a6 11. O-O O-O 12. Bxh7+ Kxh7 13. Ng5+ Kg8 14. Qh5 Rfd8
15. Qxf7+ Kh8 16. Rf3 Nf5 17. Rh3+ 1-0

[Event "C.to Europeo U16 femminile"]
[Site "Fermo ITA"]
[Date "2009.09.03"]
[Round "4"]
[White "Fur, Katinka"]
[Black "Pavlidou, Ekaterini"]
[Result "0-1"]
[WhiteElo "1925"]
[BlackElo "2179"]
[PlyCount "100"]
[EventDate "2009.08.31"]

1. d4 Nf6 2. Nf3 b6 3. c4 e6 4. a3 Bb7 5. Nc3 d5 6. Bf4 a6 7. e3 Be7 8. Rc1
Nbd7 9. Bd3 O-O 10. O-O Rc8 11. Qe2 dxc4 12. Bxc4 b5 13. Bd3 c5 14. dxc5 Nxc5
15. Bb1 Nce4 16. Nxe4 Nxe4 17. Rcd1 Qb6 18. Rd4 f5 19. Rfd1 Bd5 20. Ne5 Qa7 21.
Bxe4 fxe4 22. R4d2 b4 23. axb4 Bxb4 24. Rd4 a5 25. Qb5 Rc5 26. Qd7 Rc7 27. Qb5
Rb7 28. Qe2 a4 29. Rc1 a3 30. bxa3 Bxa3 31. Ra1 Qc5 32. Nc4 Rxf4 33. Nxa3 Qc3
34. Qd1 Rf8 35. Qc1 Qxc1+ 36. Rxc1 Rb2 37. Rf1 Rc8 38. Rfd1 Kf7 39. g3 Kf6 40.
R4d2 Rb3 41. Nc2 Rd3 42. Nb4 Rxd2 43. Rxd2 Rc1+ 44. Kg2 Bc4 45. Kh3 Bf1+ 46.
Kg4 Bg2 47. Rc2 Rh1 48. Rc8 h5+ 49. Kxh5 Rxh2+ 50. Kg4 Bf3+ 0-1

[Event "C.to Europeo U16 femminile"]
[Site "Fermo ITA"]
[Date "2009.09.03"]
[Round "4"]
[White "Messina, Roberta"]
[Black "Meseljyan, Astghik"]
[Result "1/2-1/2"]
[WhiteElo "1900"]
[BlackElo "1774"]
[PlyCount "103"]
[EventDate "2009.08.31"]

1. e4 e5 2. Nf3 Nc6 3. Bc4 Bc5 4. c3 Nf6 5. d3 d6 6. Bb3 O-O 7. h3 a6 8. O-O d5
9. Qe2 Re8 10. Bg5 dxe4 11. dxe4 Qe7 12. Nbd2 Be6 13. Rfe1 Bxb3 14. axb3 Qe6
15. Qc4 Qxc4 16. bxc4 Be7 17. Nf1 a5 18. Bxf6 Bxf6 19. Ne3 Ne7 20. Ng4 Ng6 21.
Nxf6+ gxf6 22. Red1 b6 23. Rd7 Re7 24. Rad1 Rxd7 25. Rxd7 Rc8 26. Nh2 Nf8 27.
Rd2 Ne6 28. Ng4 Kg7 29. Ne3 Rd8 30. Rxd8 Nxd8 31. Nd5 Ne6 32. f3 Nc5 33. Ne3 c6
34. Kf1 Nd3 35. Nd1 Kf8 36. g3 Ke7 37. Ke2 Nc5 38. Kd2 Kd6 39. Ne3 Ne6 40. h4
Ng7 41. Kd3 Kc5 42. Ng4 Nh5 43. b3 Kd6 44. Nh6 Nxg3 45. Nxf7+ Ke7 46. Nh6 Ke6
47. Ng4 f5 48. Ne3 fxe4+ 49. fxe4 Nh5 50. Nf5 Nf4+ 51. Kd2 Kf6 52. Ng3 1/2-1/2

[Event "C.to Europeo U16 femminile"]
[Site "Fermo ITA"]
[Date "2009.09.03"]
[Round "4"]
[White "Perera Borrego, Mariela"]
[Black "Brunello, Marina"]
[Result "1/2-1/2"]
[WhiteElo "1969"]
[BlackElo "2159"]
[PlyCount "184"]
[EventDate "2009.08.31"]

1. d4 d5 2. Nf3 Nf6 3. c4 e6 4. Nc3 Be7 5. Bg5 Nbd7 6. e3 O-O 7. Rc1 a6 8. Bd3
dxc4 9. Bxc4 b5 10. Bd3 Bb7 11. a3 c5 12. O-O Qb6 13. Ne5 Rfd8 14. Nxd7 Rxd7
15. Bxf6 Bxf6 16. Ne4 Bxe4 17. Bxe4 Rc8 18. Qh5 g6 19. dxc5 Qc7 20. Qe2 Qe5 21.
c6 Rdc7 22. Qf3 Qxb2 23. Rc2 Qe5 24. Bd3 Kg7 25. a4 bxa4 26. Bxa6 Rb8 27. Ra2
Rb6 28. Bb7 Qa5 29. Qf4 Rb4 30. Qd6 Be5 31. Qd3 Rb2 32. Ra3 Qb4 33. f4 Rd2 34.
Rxa4 Rxd3 35. Rxb4 Bd6 36. Rd4 Rxd4 37. exd4 Kf6 38. g3 Kf5 39. Re1 h5 40. Kf2
Bb4 41. Re5+ Kf6 42. Ke3 Ke7 43. Kd3 Kd6 44. Kc4 Ba3 45. Ra5 Bc1 46. Ra1 Bd2
47. Rd1 Ba5 48. d5 Bb6 49. dxe6+ Kxe6 50. Kb5 Bf2 51. Rd2 Bg1 52. Kc4 Ba7 53.
h3 Bg1 54. g4 hxg4 55. hxg4 Ba7 56. Rd8 Ke7 57. Rd3 Ke6 58. Ra3 Bb6 59. Kb5 Bf2
60. Rc3 Kd5 61. Rd3+ Ke6 62. Kc4 Bg1 63. Rd1 Bf2 64. Kd3 Bb6 65. Re1+ Kd6 66.
Rb1 Ba7 67. Ra1 Bb6 68. Ra6 Bg1 69. Ra8 Re7 70. Rd8+ Kc7 71. Rc8+ Kd6 72. Rf8
Bh2 73. f5 gxf5 74. gxf5 Be5 75. Kc4 Bg3 76. Rg8 Bf2 77. Rg2 Be3 78. Kd3 Bb6
79. Rg7 Bf2 80. Rh7 Bb6 81. Rh6+ Ke5 82. Bc8 Kd5 83. Bd7 Re3+ 84. Kd2 Kd4 85.
Rh4+ Re4 86. Rh7 Ba5+ 87. Kc2 Kc4 88. Rh2 Bc7 89. Rf2 Rh4 90. Be8 f6 91. Re2
Rh2 92. Rxh2 Kd5 1/2-1/2

[Event "C.to Europeo U16 femminile"]
[Site "Fermo ITA"]
[Date "2009.09.03"]
[Round "4"]
[White "Schut, Lisa"]
[Black "Kantor, Reka"]
[Result "1-0"]
[WhiteElo "2212"]
[BlackElo "1941"]
[PlyCount "55"]
[EventDate "2009.08.31"]

1. e4 e5 2. Nf3 Nc6 3. Bb5 a6 4. Ba4 Nf6 5. O-O Nxe4 6. d4 b5 7. Bb3 d5 8. dxe5
Be6 9. Nbd2 Be7 10. c3 O-O 11. Bc2 f5 12. Nb3 Qd7 13. Nbd4 Nxd4 14. Nxd4 c5 15.
Nxe6 Qxe6 16. f3 Ng5 17. a4 g6 18. Bxg5 Bxg5 19. f4 Be7 20. Kh1 Rfb8 21. b4 Kg7
22. bxc5 Bxc5 23. Bb3 Rd8 24. axb5 Qb6 25. Bxd5 Ra7 26. Rxa6 Rxa6 27. bxa6 Qxa6
28. c4 1-0

[Event "C.to Europeo U16 femminile"]
[Site "Fermo ITA"]
[Date "2009.09.03"]
[Round "4"]
[White "Turkova, Karolina"]
[Black "De Seroux, Camille"]
[Result "0-1"]
[WhiteElo "1787"]
[BlackElo "1950"]
[PlyCount "48"]
[EventDate "2009.08.31"]

1. e4 c5 2. Nf3 d6 3. d4 cxd4 4. Nxd4 Nf6 5. Nc3 g6 6. Be3 Bg7 7. f3 O-O 8. Qd2
Nc6 9. Bc4 Bd7 10. Bb3 Qa5 11. O-O-O Rfc8 12. h4 Ne5 13. Kb1 Nc4 14. Bxc4 Rxc4
15. Nb3 Qc7 16. g4 Be6 17. Nd5 Bxd5 18. exd5 a5 19. h5 a4 20. Nc1 Rc8 21. Rh2
a3 22. b3 Nxd5 23. Qxd5 Rxc2 24. Bb6 Rxc1+ 0-1

[Event "C.to Europeo U16 femminile"]
[Site "Fermo ITA"]
[Date "2009.09.03"]
[Round "4"]
[White "Vince, Andrea"]
[Black "Bulmaga, Irina"]
[Result "1-0"]
[WhiteElo "2092"]
[BlackElo "2277"]
[PlyCount "93"]
[EventDate "2009.08.31"]

1. c4 e5 2. g3 Nf6 3. Bg2 h6 4. Nf3 Nc6 5. O-O Be7 6. Nc3 d6 7. d4 exd4 8. Nxd4
Ne5 9. b3 O-O 10. Qd2 Re8 11. Nd5 Bf8 12. Bb2 Ned7 13. Rfd1 c6 14. Ne3 Nc5 15.
Ndf5 Nfe4 16. Qd4 Qg5 17. h4 Qg6 18. h5 Qg5 19. f4 Qf6 20. Qxf6 Nxf6 21. Bxf6
gxf6 22. Kf2 Bxf5 23. Nxf5 Rad8 24. Rd4 Ne6 25. Rd2 Rd7 26. Rad1 Red8 27. b4
Nc7 28. b5 d5 29. cxd5 Nxb5 30. Rd3 cxd5 31. Bxd5 Nd6 32. Ne3 Rc8 33. Bf3 Rdc7
34. Nd5 Rc2 35. Nxf6+ Kg7 36. Rxd6 Bxd6 37. Rxd6 Rxa2 38. Bxb7 Rcc2 39. Ba6 Rc5
40. g4 Ra4 41. Kf3 Rc1 42. Ne4 Rf1+ 43. Ke3 Rh1 44. Ng3 Ra3+ 45. Bd3 Rh3 46.
Kf2 Kf8 47. Kg2 1-0

[Event "C.to Europeo U16 femminile"]
[Site "Fermo ITA"]
[Date "2009.09.04"]
[Round "5"]
[White "Adamowicz, Katarzyna"]
[Black "Collado Barbas, Laura"]
[Result "1-0"]
[WhiteElo "2121"]
[BlackElo "2055"]
[PlyCount "61"]
[EventDate "2009.08.31"]

1. e4 e6 2. d4 d5 3. Nc3 Nc6 4. e5 f6 5. exf6 Nxf6 6. Nf3 Bd6 7. Bd3 O-O 8. O-O
e5 9. dxe5 Nxe5 10. Be2 c6 11. Nd4 Qc7 12. g3 Bh3 13. Re1 Rae8 14. Bf4 Ng6 15.
Bxd6 Qxd6 16. Bf1 Rxe1 17. Qxe1 Bxf1 18. Qxf1 Ng4 19. f4 h5 20. Qe2 Qf6 21. Rd1
Qf7 22. Re1 Qf6 23. Qd3 c5 24. Nf3 d4 25. Ne4 Qb6 26. Qc4+ Kh8 27. Nfg5 Ne3 28.
Qe2 Nf5 29. Qxh5+ Nh6 30. Nf2 Qb4 31. Re6 1-0

[Event "C.to Europeo U16 femminile"]
[Site "Fermo ITA"]
[Date "2009.09.04"]
[Round "5"]
[White "Arnatskaya, Zoya"]
[Black "Schut, Lisa"]
[Result "1/2-1/2"]
[WhiteElo "1847"]
[BlackElo "2212"]
[PlyCount "79"]
[EventDate "2009.08.31"]

1. e4 c5 2. c3 d5 3. exd5 Qxd5 4. d4 e6 5. Nf3 Nf6 6. c4 Qd8 7. Nc3 cxd4 8.
Qxd4 Bd7 9. Bf4 Nc6 10. Qd2 Qa5 11. Bd3 Be7 12. O-O O-O 13. a3 e5 14. b4 Qc7
15. Nb5 Qb8 16. Nxe5 Nxe5 17. Bxe5 Qxe5 18. Rfe1 Qh5 19. Rxe7 Rad8 20. Qe2 Bxb5
21. cxb5 Qh4 22. g3 Qd4 23. Rd1 Qc3 24. Re3 Qc7 25. Bf5 Rxd1+ 26. Qxd1 g6 27.
Bh3 Rd8 28. Rd3 Rxd3 29. Qxd3 Qe5 30. Bc8 Qc7 31. Bh3 Qe5 32. Qe3 Ne4 33. Bg2
Qa1+ 34. Bf1 f5 35. Kg2 b6 36. Bc4+ Kg7 37. Qd3 Qb2 38. Qe3 Qa1 39. Bd5 Qe5 40.
Bxe4 1/2-1/2

[Event "C.to Europeo U16 femminile"]
[Site "Fermo ITA"]
[Date "2009.09.04"]
[Round "5"]
[White "Brunello, Marina"]
[Black "Vince, Andrea"]
[Result "1-0"]
[WhiteElo "2159"]
[BlackElo "2092"]
[PlyCount "61"]
[EventDate "2009.08.31"]

1. e4 c5 2. Nf3 Nc6 3. c3 Nf6 4. e5 Nd5 5. d4 cxd4 6. cxd4 d6 7. Bc4 Nb6 8. Bb5
dxe5 9. Nxe5 Bd7 10. Bxc6 Bxc6 11. Nxc6 bxc6 12. O-O e6 13. Be3 Be7 14. Qc2 Qd7
15. Nd2 O-O 16. Rac1 Rac8 17. Nb3 Qd5 18. Qe2 Bd6 19. Rc2 f5 20. f3 f4 21. Bf2
Rf6 22. Rfc1 Rg6 23. Kh1 Bb4 24. Bg1 Rc7 25. Nc5 Bxc5 26. Rxc5 Qxa2 27. Rxc6
Rd7 28. Qb5 Qd5 29. R1c5 Qa2 30. Rxb6 axb6 31. Rc8+ 1-0

[Event "C.to Europeo U16 femminile"]
[Site "Fermo ITA"]
[Date "2009.09.04"]
[Round "5"]
[White "Bukhteeva, Viktoria"]
[Black "Kazimova, Narmin Nizami Qizi"]
[Result "1-0"]
[WhiteElo "2175"]
[BlackElo "2218"]
[PlyCount "109"]
[EventDate "2009.08.31"]

1. e4 c5 2. Nf3 d6 3. d4 cxd4 4. Nxd4 Nf6 5. f3 e5 6. Nb3 Be6 7. c4 Be7 8. Be3
a5 9. Nc3 a4 10. Nc1 Qa5 11. Qd2 O-O 12. Bd3 Rc8 13. Nd5 Qxd2+ 14. Bxd2 Bd8 15.
Ne2 Na6 16. Nec3 Nxd5 17. cxd5 Nb4 18. Bb5 Nc2+ 19. Kf2 Nxa1 20. Rxa1 Bb6+ 21.
Kg3 a3 22. dxe6 axb2 23. Rb1 fxe6 24. Bd7 Rd8 25. Bxe6+ Kh8 26. Rxb2 Bd4 27.
Rxb7 Rab8 28. Rc7 Re8 29. Bd7 Re7 30. Nd5 Rf7 31. Bb4 Bc5 32. Rc8+ Rxc8 33.
Bxc8 Ra7 34. a3 Kg8 35. Be6+ Kf8 36. Nc3 Ke7 37. Bd5 Rc7 38. Bxc5 Rxc5 39. Nb1
Ra5 40. Bb3 Kd7 41. a4 Kc6 42. Nc3 Kc5 43. Nb5 Kb4 44. Bg8 Kc5 45. Bxh7 Rxa4
46. Nc3 Ra7 47. Nd5 Kd4 48. Bf5 Kd3 49. h4 Kd4 50. Bh3 Rb7 51. Kg4 Rf7 52. Kg5
Kd3 53. Kg6 Ra7 54. Kf5 Ke2 55. Ke6 1-0

[Event "C.to Europeo U16 femminile"]
[Site "Fermo ITA"]
[Date "2009.09.04"]
[Round "5"]
[White "De Seroux, Camille"]
[Black "Kolomaznikova, Barbora"]
[Result "1-0"]
[WhiteElo "1950"]
[BlackElo "1864"]
[PlyCount "45"]
[EventDate "2009.08.31"]

1. e4 c5 2. Nf3 d6 3. d4 cxd4 4. Nxd4 Nf6 5. Nc3 g6 6. Be3 Bg7 7. f3 O-O 8. Qd2
Nc6 9. O-O-O Nxd4 10. Bxd4 Be6 11. Kb1 Rc8 12. g4 a6 13. h4 b5 14. h5 b4 15.
Nd5 Bxd5 16. exd5 a5 17. hxg6 fxg6 18. g5 Nd7 19. Bh3 Rc4 20. Be6+ Rf7 21. Bxg7
Kxg7 22. Bxf7 Kxf7 23. Rxh7+ 1-0

[Event "C.to Europeo U16 femminile"]
[Site "Fermo ITA"]
[Date "2009.09.04"]
[Round "5"]
[White "Edes, Zsofia"]
[Black "Yashchenko, Olena"]
[Result "1-0"]
[WhiteElo "1924"]
[BlackElo "1645"]
[PlyCount "93"]
[EventDate "2009.08.31"]

1. d4 Nf6 2. c4 e6 3. Nc3 Bb4 4. Qc2 O-O 5. Bg5 c5 6. dxc5 Bxc5 7. e3 Nc6 8. a3
b6 9. Rd1 Be7 10. Nf3 Bb7 11. Be2 Rc8 12. b4 a5 13. b5 Na7 14. Qa2 Qc7 15. Bf4
Qc5 16. Na4 Qxa3 17. Qxa3 Bxa3 18. Nxb6 Bb4+ 19. Kf1 Rce8 20. Nxd7 Nxd7 21.
Rxd7 Bxf3 22. Bxf3 e5 23. Bg3 Nc8 24. Bc6 Rd8 25. Rxd8 Rxd8 26. Ke2 Rd2+ 27.
Kf3 f6 28. Rc1 Ne7 29. Ba8 Ng6 30. Be4 Ne7 31. Bb1 g5 32. Rc2 Rd1 33. Ba2 h5
34. h4 g4+ 35. Ke4 Bd6 36. c5+ Kf8 37. cxd6 Rxd6 38. f4 exf4 39. exf4 f5+ 40.
Ke3 Nd5+ 41. Bxd5 Rxd5 42. Rb2 Ke8 43. b6 Rd8 44. Be1 a4 45. Ba5 Kd7 46. Rd2+
Kc8 47. Rxd8+ 1-0

[Event "C.to Europeo U16 femminile"]
[Site "Fermo ITA"]
[Date "2009.09.04"]
[Round "5"]
[White "Froewis, Annika"]
[Black "Nieto Asencio, Maria del Carmen"]
[Result "1-0"]
[WhiteElo "1933"]
[BlackElo "1634"]
[PlyCount "101"]
[EventDate "2009.08.31"]

1. e4 c5 2. Nf3 g6 3. d4 cxd4 4. Nxd4 Nc6 5. Nc3 Bg7 6. Be3 Nf6 7. Bc4 Qa5 8.
O-O O-O 9. Bb3 d6 10. h3 Bd7 11. Re1 Qh5 12. Qxh5 Nxh5 13. Rad1 Nf6 14. Nd5
Nxd5 15. exd5 Nxd4 16. Bxd4 Rfe8 17. Bxg7 Kxg7 18. Rd4 Rac8 19. c3 a6 20. Rb4
Rc7 21. Rb6 Kf8 22. Re4 Ra8 23. g4 Ra7 24. Kg2 a5 25. Ba4 Bxa4 26. Rxa4 Rc5 27.
c4 Ke8 28. Kf3 Kd7 29. Ke4 Kc7 30. Rb3 Ra8 31. Kd4 f6 32. Re3 Kd7 33. b4 Rc7
34. Rxa5 Rh8 35. c5 h5 36. Ra7 Rhc8 37. Ra5 Rh8 38. f3 hxg4 39. hxg4 Rh2 40.
Kd3 Rb2 41. Kc3 Rb1 42. a3 f5 43. gxf5 gxf5 44. Rb5 Rd1 45. Rxb7 Rxd5 46. Rxe7+
Kxe7 47. Rxc7+ Kd8 48. cxd6 Rxd6 49. Rf7 Rd5 50. f4 Ke8 51. Kc4 1-0

[Event "C.to Europeo U16 femminile"]
[Site "Fermo ITA"]
[Date "2009.09.04"]
[Round "5"]
[White "Johannsdottir, Johanna Bjorg"]
[Black "Cavalli, Benedetta"]
[Result "1-0"]
[WhiteElo "1721"]
[BlackElo "1521"]
[PlyCount "51"]
[EventDate "2009.08.31"]

1. e4 e5 2. d4 exd4 3. Qxd4 Nc6 4. Qe3 d6 5. Nc3 Nf6 6. Bd2 Be6 7. h3 Qd7 8.
O-O-O Be7 9. f4 O-O 10. f5 Bxf5 11. exf5 Qxf5 12. Bd3 Qa5 13. a3 a6 14. Nf3 d5
15. g4 Bc5 16. Qg5 h6 17. Qf5 Ne7 18. Nxd5 Qxd2+ 19. Nxd2 Nxf5 20. Nxf6+ gxf6
21. Bxf5 Be3 22. Kb1 Rad8 23. Ne4 Kg7 24. Ng3 Bd4 25. Be4 c6 26. Nf5+ 1-0

[Event "C.to Europeo U16 femminile"]
[Site "Fermo ITA"]
[Date "2009.09.04"]
[Round "5"]
[White "Meireles, Ana"]
[Black "Palmitessa, Chiara"]
[Result "0-1"]
[WhiteElo "1611"]
[BlackElo "1807"]
[PlyCount "44"]
[EventDate "2009.08.31"]

1. e4 e5 2. Nf3 Nc6 3. Bb5 a6 4. Ba4 Nf6 5. O-O b5 6. Bb3 Bc5 7. c3 d6 8. Re1
Bb6 9. d3 O-O 10. Nbd2 Be6 11. Bc2 Ng4 12. Re2 f5 13. h3 Nh6 14. exf5 Bxf5 15.
Ne4 Bxh3 16. Bb3+ Kh8 17. Bd5 Qd7 18. gxh3 Rxf3 19. Nc5 Qxh3 20. Bxf3 Qxf3 21.
Bxh6 gxh6 22. Ne4 Rg8+ 0-1

[Event "C.to Europeo U16 femminile"]
[Site "Fermo ITA"]
[Date "2009.09.04"]
[Round "5"]
[White "Suarez Calvo, Alesandra"]
[Black "Warmelink, Evie"]
[Result "0-1"]
[WhiteElo "2023"]
[BlackElo "1921"]
[PlyCount "136"]
[EventDate "2009.08.31"]

1. e4 c5 2. Nf3 d6 3. d4 cxd4 4. Nxd4 Nf6 5. Nc3 e6 6. Be2 Be7 7. O-O O-O 8.
Be3 Nc6 9. f4 Bd7 10. Qe1 Nxd4 11. Bxd4 Bc6 12. Bf3 b5 13. a3 a5 14. e5 dxe5
15. Bxc6 Qxd4+ 16. Kh1 Rac8 17. Bxb5 exf4 18. Rd1 Qe3 19. Qxe3 fxe3 20. Rde1
Bxa3 21. Ba6 Rc6 22. Bb5 Rc7 23. Nd1 Bc5 24. Nxe3 Bxe3 25. Rxe3 Rxc2 26. b3 Nd5
27. Ref3 Rc3 28. Ra1 Ra8 29. Rxc3 Nxc3 30. Bc6 Ra6 31. Bb7 Ra7 32. Bc6 Ra6 33.
Bb7 Rb6 34. Rxa5 Kf8 35. Ra8+ Ke7 36. Ra7 Kf6 37. Bf3 Rxb3 38. Kg1 g6 39. Bc6
Rb8 40. Kf2 Rd8 41. Kf3 h5 42. h3 Nd5 43. Ke4 Ne7 44. Bd7 Nf5 45. Kf3 Rb8 46.
Ba4 Rc8 47. Rd7 Rc3+ 48. Kf2 Ra3 49. Bd1 Ra2+ 50. Kg1 h4 51. Bb3 Rb2 52. Bd1 e5
53. Bf3 Ke6 54. Ra7 Nd6 55. Ra4 g5 56. Rg4 f6 57. Bc6 Rc2 58. Ba4 Rb2 59. Bc6
Nf7 60. Ra4 f5 61. Ra6 Nd6 62. Be8 e4 63. Bg6 Ke5 64. Ra5+ Rb5 65. Ra2 e3 66.
Bh5 Rb1+ 67. Kh2 Ne4 68. Bf3 Ng3 0-1

[Event "C.to Europeo U16 femminile"]
[Site "Fermo ITA"]
[Date "2009.09.04"]
[Round "5"]
[White "Venturelli, Ester"]
[Black "Monteiro Da Silva, Joana Filipa"]
[Result "1-0"]
[WhiteElo "1572"]
[BlackElo "1458"]
[PlyCount "73"]
[EventDate "2009.08.31"]

1. e4 e5 2. Nf3 Nc6 3. d4 exd4 4. Nxd4 Nf6 5. Nc3 Bc5 6. Be3 Bb6 7. Nxc6 bxc6
8. Bxb6 cxb6 9. Qd6 Qe7 10. Qxe7+ Kxe7 11. f3 Re8 12. O-O-O Kf8 13. g3 a5 14.
Bg2 Bb7 15. Rhe1 Red8 16. e5 Ne8 17. f4 Nc7 18. Rd2 a4 19. Red1 Ke7 20. Ne4 Nd5
21. Nd6 Ba6 22. Bxd5 cxd5 23. Rxd5 g6 24. R5d2 b5 25. Ne4 b4 26. Nf6 d6 27.
Nd5+ Ke6 28. Nxb4 Bb7 29. Rxd6+ Rxd6 30. Rxd6+ Kf5 31. Rf6+ Kg4 32. Rxf7 h6 33.
Rxb7 Rd8 34. e6 Kf3 35. e7 Rc8 36. Rd7 Re8 37. Nd5 1-0

[Event "C.to Europeo U16 femminile"]
[Site "Fermo ITA"]
[Date "2009.09.06"]
[Round "6"]
[White "Abdulla, Khayala Mardan Qizi"]
[Black "Arnatskaya, Zoya"]
[Result "1-0"]
[WhiteElo "2113"]
[BlackElo "1847"]
[PlyCount "53"]
[EventDate "2009.08.31"]

1. e4 c5 2. Nf3 e6 3. d4 cxd4 4. Nxd4 Nf6 5. Nc3 d6 6. f4 a6 7. Qf3 Qc7 8. Be3
b5 9. Bd3 Bb7 10. g4 Nfd7 11. O-O-O Nc5 12. g5 Nbd7 13. Kb1 g6 14. h4 O-O-O 15.
a3 Bg7 16. Bxb5 axb5 17. Ndxb5 Qb6 18. Rxd6 Bxe4 19. Qf1 Bc6 20. Rxc6+ Qxc6 21.
Na7+ Kb7 22. Nxc6 Kxc6 23. Qb5+ Kc7 24. Bxc5 Bxc3 25. Rd1 Bxb2 26. Bd6+ Kc8 27.
Qc6# 1-0

[Event "C.to Europeo U16 femminile"]
[Site "Fermo ITA"]
[Date "2009.09.06"]
[Round "6"]
[White "Arabidze, Meri"]
[Black "Adamowicz, Katarzyna"]
[Result "1/2-1/2"]
[WhiteElo "2217"]
[BlackElo "2121"]
[PlyCount "61"]
[EventDate "2009.08.31"]

1. d4 d5 2. c4 c6 3. Nf3 Nf6 4. Nc3 e6 5. Bg5 Be7 6. e3 Nbd7 7. Rc1 O-O 8. Bd3
dxc4 9. Bxc4 Nd5 10. Bxe7 Qxe7 11. Ne4 N5b6 12. Bb3 Qb4+ 13. Qd2 Qb5 14. Nc5 a5
15. a4 Qb4 16. Qxb4 axb4 17. Nxd7 Bxd7 18. Ne5 Rfd8 19. Ra1 Ra5 20. Ke2 Rda8
21. Rhc1 Be8 22. Nc4 Nxc4 23. Rxc4 c5 24. Rxc5 b5 25. d5 exd5 26. Bxd5 bxa4 27.
Rac1 Rxc5 28. Rxc5 Rb8 29. Ra5 Kf8 30. Kd3 b3 31. e4 1/2-1/2

[Event "C.to Europeo U16 femminile"]
[Site "Fermo ITA"]
[Date "2009.09.06"]
[Round "6"]
[White "Bogdan, Ekaterina"]
[Black "Uusitupa, Erika"]
[Result "0-1"]
[WhiteElo "1943"]
[BlackElo "1691"]
[PlyCount "52"]
[EventDate "2009.08.31"]

1. e4 c5 2. Nf3 d6 3. d4 cxd4 4. Nxd4 Nf6 5. Nc3 g6 6. Be3 Bg7 7. f3 Nc6 8. Qd2
O-O 9. O-O-O d5 10. Kb1 Nxd4 11. Bxd4 dxe4 12. fxe4 Ng4 13. Nd5 Bxd4 14. Qxd4
e6 15. h3 exd5 16. hxg4 Bxg4 17. Rd3 dxe4 18. Qxe4 Bf5 19. Qf4 Bxd3 20. Bxd3
Qe7 21. Qh6 f5 22. g4 Rae8 23. a3 Qg7 24. Qg5 fxg4 25. Rh6 Re5 26. Qh4 Rh5 0-1